[Event "75th ch-GER"]
[Site "Hoeckendorf GER"]
[Date "2004.01.30"]
[Round "1"]
[White "Dresen,U"]
[Black "Gutman,L"]
[Result "1/2-1/2"]
[WhiteElo "2312"]
[BlackElo "2497"]

1.d4 Nf6 2.Bg5 Ne4 3.Bf4 c5 4.f3 Qa5+ 5.c3 Nf6 6.Nd2 Nd5 7.Nb3 Qd8 8.Bxb8 Rxb8
9.Nxc5 e5 10.Qd2 Be7 11.e4 Bg5 12.Qd3 Nf4 13.Qd1 O-O 14.Ne2 d5 15.Nxf4 Bxf4
16.g3 Be3 17.Qd3 exd4 18.cxd4 b6 19.Nb3 Bh6 20.Bg2 a5 21.O-O dxe4 22.fxe4 Qg5
23.Rae1 a4 24.h4 Qe7 25.Nd2 Qb4 26.Nf3 Bd7 27.Rf2 Rbc8 28.Kh2 Bg4 29.Ref1 Bd7
30.Re1 Bb5 31.Qb1 Rfd8 32.Bf1 Bd7 33.Bh3 Bxh3 34.Kxh3 Qc4 35.Kg2 Rc7 36.Rfe2 g6
37.e5 Qd5 38.a3 Rc4 39.Qe4 Qe6 40.g4 Bf8 41.Qf4 Be7 42.Kg3 b5 43.Rc1 Rdc8
44.Rd1 b4 45.axb4 Rxb4 46.Qe4 Rd8 47.Rc1 Rb3 48.Rc7 f5 49.Qf4 fxg4 50.Qxg4 Qf7
51.Rf2 Bxh4+ 52.Kxh4 Qxc7 53.Qe6+ Qf7 54.Qxf7+ Kxf7 55.Nd2+ Ke6 56.Nxb3 axb3
57.Rf4 h6 58.Kg4 Ke7 59.Kf3 g5 60.Re4 h5 61.Ke3 Ke6 62.Kd3 h4 63.Re1 g4 64.Rh1 Rh8
65.Ke4 g3 66.d5+ Kf7 67.Kf3 Rh5 68.Kg2 Rxe5 69.Rxh4 Rxd5 70.Kxg3 Rd2 71.Kf3 Ke6
72.Ke3 Rxb2 73.Rh1 Rg2  1/2-1/2

[Event "TCh-BEL 2003-4"]
[Site "Belgium BEL"]
[Date "2004.02.01"]
[Round "8"]
[White "Vandevoort,P"]
[Black "Hausrath,D"]
[Result "0-1"]
[WhiteElo "2379"]
[BlackElo "2452"]

1.d4 Nf6 2.Bg5 Ne4 3.Bf4 e6 4.e3 d5 5.Bd3 Bd6 6.Bxd6 Nxd6 7.Nd2 Nd7 8.Ngf3 b6
9.O-O Bb7 10.Ne5 Nxe5 11.dxe5 Ne4 12.Nb3 Qe7 13.a4 O-O 14.a5 f5 15.a6 Bc6
16.Nd4 Bd7 17.c4 c5 18.Ne2 Bc6 19.f3 dxc4 20.Bxc4 Rad8 21.Qc2 Nd2 22.Rfd1 Nxc4
23.Qxc4 Bd5 24.Qf4 g5 25.Qg3 Kh8 26.Rac1 h5 27.h4 Rg8 28.hxg5 Rxg5 29.Qh3 Qg7
30.Nf4 Rg8 31.Kf2 Qxe5 32.Rd2 R8g7 33.Rh1 Kg8 34.Rh2 Qc7 35.Nxh5 Rxh5 36.Qxh5 Qg3+
37.Ke2 Bc4+ 38.Kd1 Bb3+ 39.Ke2 Bc4+  0-1

[Event "TCh-BEL2 2003-4"]
[Site "Belgium BEL"]
[Date "2004.02.01"]
[Round "8"]
[White "De Wachter,M"]
[Black "Sadkowsky,D"]
[Result "1-0"]
[WhiteElo "2266"]
[BlackElo "2320"]

1.d4 Nf6 2.Bg5 Ne4 3.Bf4 d5 4.e3 c5 5.Bd3 Nc6 6.Bxe4 dxe4 7.d5 e5 8.Bg3 Ne7
9.Nc3 f6 10.Qh5+ g6 11.Qh4 Bg7 12.Qxe4 Nf5 13.Nge2 Nd6 14.Qd3 O-O 15.f3 b5
16.O-O a5 17.b3 Ba6 18.Qd2 Bh6 19.Bf2 Rc8 20.a3 f5 21.Rfe1 Rf7 22.Nd1 Rd7
23.Nb2 c4 24.bxc4 Nxc4 25.Nxc4 Rxc4 26.Red1 Rc5 27.c4 Rxc4 28.Rac1 Rxc1 29.Nxc1 Bb7
30.Qa2 Kh8 31.e4 fxe4 32.fxe4 Rc7 33.Nd3 Bg7 34.Bb6 Qc8 35.Bxc7 Qxc7  1-0

[Event "75th ch-GER"]
[Site "Hoeckendorf GER"]
[Date "2004.02.01"]
[Round "3"]
[White "Schulz,M1"]
[Black "Naiditsch,A"]
[Result "0-1"]
[WhiteElo "2246"]
[BlackElo "2576"]

1.d4 Nf6 2.Bg5 Ne4 3.Bf4 c5 4.d5 Qb6 5.Bc1 e6 6.f3 Nf6 7.e4 exd5 8.exd5 Bd6
9.c4 O-O 10.Bd3 Be5 11.Ne2 Bxb2 12.Bxb2 Qxb2 13.Nbc3 Qb6 14.O-O d6 15.Ng3 Nbd7
16.f4 Re8 17.Rb1 Qd8 18.Rb3 Nf8 19.Nce4 b6 20.Re1 Nxe4 21.Rxe4 Rxe4 22.Nxe4 f5
23.Ng3 Qf6 24.Qc2 g6 25.Qb2 Qh4 26.Qf2 Bd7 27.Ne2 Qf6 28.Nc3 Re8 29.g3 Re7
30.Kg2 h6 31.h4 Nh7 32.Ne2 Qf8 33.g4 Nf6 34.gxf5 Ng4 35.Qf3 gxf5 36.Bb1 Qf6
37.Kh3 h5 38.Ng3 Re1 39.Nxh5 Qd4 40.Qg2 Rh1+ 41.Qxh1 Nf2+ 42.Kg2 Nxh1  0-1

[Event "75th ch-GER"]
[Site "Hoeckendorf GER"]
[Date "2004.02.02"]
[Round "4"]
[White "Giessmann,S"]
[Black "Schebler,G"]
[Result "0-1"]
[WhiteElo "2287"]
[BlackElo "2480"]

1.d4 Nf6 2.Bg5 Ne4 3.Bf4 c5 4.e3 d5 5.Nd2 Nxd2 6.Qxd2 Nc6 7.Nf3 Qb6 8.c3 cxd4
9.exd4 Bf5 10.Nh4 Be4 11.f3 Bg6 12.Nxg6 hxg6 13.Bd3 e6 14.O-O O-O-O 15.b4 Bd6
16.Bxd6 Rxd6 17.a4 Rdd8 18.a5 Qc7 19.g3 Kb8 20.Qa2 Ne7 21.Rfc1 Qd6 22.b5 Rh5
23.Rc2 Rdh8 24.Rg2 R5h6 25.Qe2 Rc8 26.b6 Rxc3 27.a6 Qxb6 28.Qe5+ Qc7 29.Rb2 b6
30.Qxg7 Rc1+ 31.Kg2 Rxa1 32.Rc2 Qd8 33.Qxh6 Nf5 34.Qf4+ Qd6 35.Qg5 Nxd4 36.Rb2 Rg1+
37.Kh3 e5 38.Qh6 Qe6+ 39.g4 Qf6 40.Qf8+ Kc7 41.Be2 g5 42.Rxb6 Kxb6 43.Qb8+ Ka5
44.Qc7+ Kb4 45.Qb7+ Kc3 46.Qc7+ Kb2 47.Qb7+ Ka1  0-1

[Event "Scheveningen"]
[Site "Monte Carlo MNC"]
[Date "2004.02.05"]
[Round "5"]
[White "Bordi,K"]
[Black "Efimov,I"]
[Result "1/2-1/2"]
[WhiteElo "2181"]
[BlackElo "2505"]

1.d4 Nf6 2.Bg5 Ne4 3.Bh4 d5 4.Nd2 Bf5 5.c3 c6 6.Nxe4 Bxe4 7.Qb3 Qb6 8.Qxb6 axb6
9.a3 Nd7 10.f3 Bg6 11.Kf2 e5 12.e4 dxe4 13.fxe4 Bxe4 14.Re1 Bg6 15.Nf3 e4
16.Bd3 f5 17.g4 Bd6 18.gxf5 O-O 19.Bc4+ Bf7 20.Bxf7+ Rxf7 21.Rxe4 Rxf5 22.Re6 Bf8
23.Rhe1 b5 24.Kg2 Nb6 25.R6e5 Rxe5 26.dxe5 Nd5 27.Nd4 Bc5 28.Ne6 Bb6 29.Bf2 Re8
30.Bxb6 Rxe6 31.Bd4 c5 32.Bf2 Nf4+ 33.Kf1 Nd3 34.Re2 c4 35.Bg3 Kf7 36.Kg2 Re8
37.Kf3 Ke6 38.Ke3 Rf8 39.b3 Nc1 40.Rd2 Nd3 41.a4 Rd8 42.bxc4 bxc4 43.Rd1 Rd7
44.Rb1 Nc5 45.Rb6+ Kf5 46.Rd6 Rc7 47.e6 Kf6 48.Kd4 Nb3+ 49.Ke4 Ke7 50.Rb6 Rc8
51.Rxb7+ Kxe6 52.Rxg7 Nc5+ 53.Kd4 Nb3+ 54.Ke4 Nc5+  1/2-1/2

[Event "IV Comunic Masters"]
[Site "Sao Paulo BRA"]
[Date "2004.02.05"]
[Round "2"]
[White "Vera,IJ"]
[Black "Tsuboi,E"]
[Result "0-1"]
[WhiteElo "2338"]
[BlackElo "2344"]

1.d4 Nf6 2.Bg5 Ne4 3.Bf4 d5 4.Nf3 e6 5.e3 Bd6 6.Bxd6 Qxd6 7.c3 O-O 8.Nbd2 Nxd2
9.Qxd2 c5 10.Bd3 Nc6 11.dxc5 Qxc5 12.e4 dxe4 13.Bxe4 Rd8 14.Qe2 Bd7 15.O-O Rac8
16.Rfd1 Be8 17.h3 h6 18.Rac1 Qe7 19.c4 b6 20.Rxd8 Rxd8 21.a3 Nd4 22.Nxd4 Rxd4
23.b4 Qd7 24.c5 bxc5 25.bxc5 Qa4 26.Bf3 Qxa3 27.Qe3 Qxe3 28.fxe3 Rd7 29.c6 Rc7
30.Rb1 Kf8 31.Rb7 Rc8 32.Rxa7 Bxc6 33.Bxc6 Rxc6 34.Kf2 g6 35.Rb7 Kg7 36.Rb4 h5
37.Ra4 e5 38.g4 hxg4 39.hxg4 Kh6 40.Ra7 f6 41.Ra4 Kg5 42.Rb4 Kh4 43.Ra4 Rc2+
44.Kf3 Rh2 45.Rb4 Rh3+ 46.Kf2 Kg5 47.Re4 Kh4 48.Ra4 g5 49.Ra6 Kxg4 50.Rxf6 Rh2+
51.Kf1 e4 52.Rf8 Ra2 53.Rf7 Kg3 54.Rf5 g4 55.Rf4 Kh3 56.Rf8 g3 57.Rh8+ Kg4
58.Rf8 Rf2+ 59.Rxf2 gxf2 60.Kxf2 Kh3 61.Kf1 Kg3  0-1

[Event "FSGM February"]
[Site "Budapest HUN"]
[Date "2004.02.07"]
[Round "1"]
[White "Nguyen Ngoc Truongson"]
[Black "Kahn,E"]
[Result "1/2-1/2"]
[WhiteElo "2436"]
[BlackElo "2292"]

1.d4 Nf6 2.Bg5 Ne4 3.Bf4 d5 4.e3 c5 5.Nd2 Qb6 6.Nxe4 dxe4 7.dxc5 Qxc5 8.Qd4 Qxd4
9.exd4 e6 10.f3 exf3 11.Nxf3 a6 12.Bd3 Be7 13.c3 O-O 14.O-O-O Nc6 15.g4 Bd7
16.Kb1 Rfd8 17.h4 Be8 18.g5 Bd6 19.Bxd6 Rxd6 20.h5 b5 21.Nd2 e5 22.Ne4 Rdd8
23.h6 exd4 24.hxg7 dxc3 25.Nf6+ Kxg7 26.Bf5 Rxd1+ 27.Rxd1 Rd8 28.Re1 Nd4
29.Rxe8 Rxe8 30.Nxe8+ Kf8 31.Nd6 Ke7 32.bxc3 Nxf5 33.Nxf5+ Ke6 34.Nd4+ Ke5
35.a4 Kf4 36.axb5 axb5 37.Nxb5 Kxg5 38.Nd4 Kf4 39.c4 h5 40.Ne2+ Ke4 41.Kc2 h4
42.Ng1 f5 43.Kc3 f4 44.c5 f3 45.Nh3 Ke3  1/2-1/2

[Event "TCh-CZE Extraliga 2003-4"]
[Site "Czech Rep CZE"]
[Date "2004.02.07"]
[Round "6"]
[White "Prymula,R"]
[Black "Gross,Dav CZE"]
[Result "1-0"]
[WhiteElo "2305"]
[BlackElo "2406"]

1.d4 Nf6 2.Bg5 Ne4 3.Bf4 c5 4.c3 Qb6 5.f3 Qxb2 6.fxe4 Qxa1 7.Qc2 cxd4 8.Nf3 dxc3
9.Bc1 e5 10.Kf2 Bb4 11.e3 Nc6 12.Bc4 d6 13.Nfd2 Na5 14.Qa4+ Bd7 15.Qxb4 Nxc4
16.Nxc4 Qxa2+ 17.Kg3 O-O 18.Nxc3 Qa6 19.Nd5 Be6 20.Nxd6 Bxd5 21.exd5 f5 22.h3 Rad8
23.Ba3 f4+ 24.Kh2 f3 25.Nc4 Qg6 26.Qb2 Rfe8 27.gxf3 Rxd5 28.e4 Rd7 29.Rg1 Qf6
30.Qg2 g6 31.Bc1 Rd3 32.Rf1 Rc8 33.Bg5 Qe6 34.Ne3 Qb3 35.Qg4 Rf8 36.Nd5 Qa2+
37.Kg1 Qa6 38.Bh6 Rd8 39.Rc1 Qd6 40.Bg5 h5 41.Qg3 Ra8 42.Bf6 Kf7 43.Bxe5 Qe6
44.Qf4+ Kg8 45.Nc7 Qb6+ 46.Kh1 Rad8 47.Nd5 Qe6 48.Kg2 Rf8 49.Nf6+ Rxf6 50.Qxf6 Qxf6
51.Bxf6 Kf7 52.Be5 Ke6 53.Bb8 a6 54.Rc7 Rb3 55.Kg3 a5 56.Rg7 Kf6 57.Rd7 a4
58.e5+ Ke6 59.Rd6+ Kf7 60.Rf6+ Kg7 61.Rf4 a3 62.e6 Re3 63.Rf7+ Kg8 64.Rxb7 Rxe6
65.Ra7 Rb6 66.Be5 Rb5 67.Bd6 g5 68.Bxa3 Rf5 69.Bc1 Rd5 70.Be3 Re5 71.Kf2 Rb5
72.Rc7 Rb2+ 73.Kg3 h4+ 74.Kg4 Rg2+ 75.Kh5 Rg3 76.Bxg5 Rxf3 77.Kxh4 Rb3 78.Kg4 Rb4+
79.Kf5  1-0

[Event "75th ch-GER"]
[Site "Hoeckendorf GER"]
[Date "2004.02.07"]
[Round "9"]
[White "Schulz,M1"]
[Black "Roeschlau,B"]
[Result "1-0"]
[WhiteElo "2246"]
[BlackElo "2295"]

1.d4 Nf6 2.Bg5 Ne4 3.Bf4 d5 4.Nd2 Bf5 5.Nxe4 Bxe4 6.f3 Bg6 7.c3 e6 8.e3 Bd6
9.Bxd6 Qxd6 10.f4 Nd7 11.Nf3 O-O-O 12.Bd3 Bh5 13.h3 f5 14.Rg1 Nf6 15.Qa4 Kb8
16.Ne5 g5 17.g4 fxg4 18.hxg4 Be8 19.Qc2 c5 20.fxg5 Nd7 21.Qh2 Nxe5 22.dxe5 Qe7
23.Qh6 c4 24.Bc2 Bg6 25.O-O-O Rhg8 26.Rdf1 Qc7 27.Rh1 Qxe5 28.Bxg6 Qxe3+
29.Kb1 hxg6 30.Rf7 Qe4+ 31.Ka1 d4 32.cxd4 Qxd4 33.Qh2+ Ka8 34.Rc1 e5 35.a3 Rc8
36.Qh7 Rh8 37.Rc7 Rb8 38.Qxg6 Rh2 39.Qb1 b5 40.Rd1 Rxb2 41.Rxd4 Rxb1+ 42.Kxb1 exd4
43.g6 Rd8 44.g7 d3 45.Kc1 Kb8 46.Rd7 Rxd7 47.g8=Q+ Kb7 48.Qh8 a5 49.Qc3 Kb6
50.g5 Rd6 51.Kd2 Kc5 52.Qxa5 Kd4 53.Qc3+ Kd5 54.Qb4  1-0

[Event "IV Comunic Masters"]
[Site "Sao Paulo BRA"]
[Date "2004.02.07"]
[Round "5"]
[White "Vera,IJ"]
[Black "Gonzalez,Bo"]
[Result "1-0"]
[WhiteElo "2338"]
[BlackElo "2286"]

1.d4 Nf6 2.Bg5 Ne4 3.Bf4 c5 4.f3 Qa5+ 5.c3 Nf6 6.d5 d6 7.e4 b5 8.Nd2 g6 9.a4 bxa4
10.Nc4 Qd8 11.Rxa4 Bg7 12.Qb3 Nfd7 13.Bd3 Qc7 14.Ne2 O-O 15.Qb5 a5 16.Kd2 Ba6
17.Qxa5 Qc8 18.Rha1 Bxc4 19.Qxa8 Bxd3 20.Kxd3 Nb6 21.Qa7 Nxa4 22.Rxa4 Re8
23.Qb6 f5 24.Ra8 Rf8 25.Be3 fxe4+ 26.fxe4 Be5 27.h3 Kg7 28.Ra7 Nd7 29.Qc7 Qxc7
30.Rxc7 Rd8 31.Nf4 Bxf4 32.Bxf4 Kf7 33.b4 cxb4 34.cxb4 Ke8 35.Be3 Ra8 36.Bd4 Ra3+
37.Rc3 Rxc3+ 38.Kxc3 Kd8 39.Kd3 Kc7 40.Ke3 Nf8 41.Kf3 e5 42.Be3 h5 43.g4 Nh7
44.gxh5 gxh5 45.Ke2 Kb7 46.Kd3 Ka6 47.Kc4 Nf6 48.Kd3 Nh7 49.h4  1-0

[Event "TCh-CZE Extraliga 2003-4"]
[Site "Czech Rep CZE"]
[Date "2004.02.08"]
[Round "7"]
[White "Cech,P"]
[Black "Dvorak,T"]
[Result "1-0"]
[WhiteElo "2397"]
[BlackElo "2331"]

1.d4 Nf6 2.Bg5 Ne4 3.Bf4 c5 4.f3 Qa5+ 5.c3 Nf6 6.Nd2 cxd4 7.Nb3 Qb6 8.Qxd4 Nc6
9.Qxb6 axb6 10.Nd4 e5 11.Nxc6 exf4 12.Nd4 d5 13.g3 Bd6 14.Nb5 Bb8 15.gxf4 Bxf4
16.e3 Bb8 17.Ne2 O-O 18.Kf2 Nd7 19.Nf4 Bxf4 20.exf4 Ra4 21.Nd4 Nf6 22.Bd3 Bd7
23.Rhe1 Re8 24.Re5 Bc6 25.a3 Kf8 26.Rae1 Rea8 27.Bc2 Nd7 28.Re8+ Rxe8 29.Rxe8+ Kxe8
30.b4 Nf6 31.Nf5 g6 32.Nd6+ Ke7 33.Nc8+ Kd7 34.Nxb6+ Kc7 35.Nxa4 Kd6 36.Nc5 Ne8
37.Ke3 Nc7 38.a4 h6 39.Nd3 g5 40.fxg5 hxg5 41.f4 f6 42.fxg5 fxg5 43.Ne1 Bd7
44.Nf3 g4  1-0

[Event "IV Comunic Masters"]
[Site "Sao Paulo BRA"]
[Date "2004.02.08"]
[Round "7"]
[White "Vera,IJ"]
[Black "Cruz,A BOL"]
[Result "1-0"]
[WhiteElo "2338"]
[BlackElo "2244"]

1.d4 Nf6 2.Bg5 Ne4 3.Bf4 c5 4.f3 Nf6 5.d5 d6 6.e4 e5 7.Be3 a6 8.c4 Be7 9.Nc3 Nbd7
10.Bd3 Nh5 11.Qd2 h6 12.Nge2 Bg5 13.a3 Bxe3 14.Qxe3 Qg5 15.Qxg5 hxg5 16.Kf2 Rb8
17.b4 Nf4 18.Nxf4 gxf4 19.Rab1 Ra8 20.Na4 b6 21.bxc5 bxc5 22.Nb6 Nxb6 23.Rxb6 Ke7
24.h3 Bd7 25.Rhb1 Ra7 26.Bc2 Rha8 27.Ke2 a5 28.Kd2 a4 29.Kc3 Ra6 30.Rb7 R6a7
31.R7b2 Rh8 32.Rb8 Rxb8 33.Rxb8 g6 34.Kd2 Ra6 35.Ke2 Ra7 36.Kf2 Ra5 37.h4 f6
38.Ke2 Ra7 39.Kd2 Be8 40.Kc3 Bd7 41.Kd3 Be8 42.Ke2 Bd7 43.Kf2 Be8 44.Bd1 Bd7
45.Be2 Be8 46.Bf1 Bd7 47.Bd3 Be8 48.g3 fxg3+ 49.Kxg3 Bd7 50.f4 exf4+ 51.Kxf4 Rc7
52.Bc2 Ra7 53.Bd1 Be8 54.Bg4 Bf7 55.Bh3 Be8 56.Be6 Rc7 57.Bc8 Ra7 58.Bg4 Bf7
59.h5 gxh5 60.Bf5 Be8 61.Be6 Rc7 62.Kf5 Ra7 63.Rb2 Rc7 64.Rg2 Kd8 65.Kxf6 Rb7
66.e5 dxe5 67.Kxe5 Rb3 68.Rg8 Rxa3 69.Bf7 Re3+ 70.Kd6 a3 71.Bxe8 Rxe8 72.Rg3 Rh8
73.Rxa3 Rh6+ 74.Kxc5 h4 75.d6 Kd7 76.Ra7+ Kc8 77.Kc6 Kb8 78.Rb7+ Ka8 79.Rb1 Ka7
80.Kc7  1-0

[Event "12th Aosta Open"]
[Site "St Vincent ITA"]
[Date "2004.02.08"]
[Round "1"]
[White "Prie,E"]
[Black "Dubois,M"]
[Result "1-0"]
[WhiteElo "2429"]
[BlackElo "2035"]

1.d4 Nf6 2.Bg5 Ne4 3.Bf4 c5 4.f3 Qa5+ 5.c3 Nf6 6.Nd2 cxd4 7.Nb3 Qd8 8.cxd4 a5
9.e4 Nc6 10.d5 e5 11.Bd2 a4 12.dxc6 axb3 13.cxb7 Bxb7 14.Qxb3 Rb8 15.Qc3 Bd6
16.Bc4 Nxe4 17.fxe4 Qh4+ 18.Kf1 Bxe4 19.b3 O-O 20.Nf3 Bxf3 21.Qxf3 Bc5 22.Re1 Rb6
23.Rxe5 Rf6 24.Rf5 Rxf5 25.Qxf5 Qd4 26.Be1 Qe3 27.g3 Kh8 28.Bf2  1-0

[Event "FSGM February"]
[Site "Budapest HUN"]
[Date "2004.02.11"]
[Round "5"]
[White "Nguyen Ngoc Truongson"]
[Black "Livshits,G"]
[Result "1/2-1/2"]
[WhiteElo "2436"]
[BlackElo "2400"]

1.d4 Nf6 2.Bg5 Ne4 3.Bf4 c5 4.f3 Qa5+ 5.c3 Nf6 6.Nd2 cxd4 7.Nb3 Qb6 8.Qxd4 Nc6
9.Qxb6 axb6 10.e4 d5 11.Bd3 dxe4 12.fxe4 e5 13.Be3 Be6 14.Nd2 Bc5 15.Bxc5 bxc5
16.Ngf3 Ke7 17.Ke2 Rhd8 18.Rhd1 Bg4 19.Nc4 b5 20.Ne3 c4 21.Bc2 Rxd1 22.Kxd1 Be6
23.a3 Ng4 24.Nxg4 Bxg4 25.Kd2 f6 26.Rd1 Be6 27.Ke3 Nd8 28.Ng1 Nb7 29.Ne2 g6
30.Nc1 f5 31.exf5 gxf5 32.g3 h5 33.Na2 h4 34.Nb4 hxg3 35.hxg3 Rh8 36.Kf2 Kf7
37.Kg2 Rg8 38.Rh1 Nc5 39.Rh7+ Rg7 40.Rxg7+ Kxg7 41.Kf2 Kf6 42.Nc6 Bd7 43.Na5 Kg5
44.a4 Kg4 45.axb5 Bxb5 46.b4 cxb3 47.Nxb3 Na4 48.c4 Bxc4 49.Nd2 Nb6 50.Nf3 e4
51.Ne5+ Kh3 52.g4 fxg4 53.Nxg4 Kxg4 54.Bxe4 Kf4 55.Bb7 Nd7 56.Kg2 Ne5 57.Ba8 Ng4
58.Bb7  1/2-1/2

[Event "AS04 Centenary"]
[Site "Copenhagen DEN"]
[Date "2004.02.12"]
[Round "6"]
[White "Brondum,E"]
[Black "Auchenberg,P"]
[Result "1/2-1/2"]
[WhiteElo "2214"]
[BlackElo "2082"]

1.d4 Nf6 2.Bg5 Ne4 3.Bf4 c5 4.f3 Qa5+ 5.c3 Nf6 6.d5 d6 7.e4 g6 8.Nd2 Bg7
9.Nc4 Qd8 10.a4 Nbd7 11.Nh3 Nb6 12.Nf2 Bd7 13.a5 Nxc4 14.Bxc4 b5 15.Be2 Qb8
16.Qd2 h5 17.O-O O-O 18.Bh6 e5 19.dxe6 Bxe6 20.Bxg7 Kxg7 21.f4 a6 22.Bf3 Ra7
23.Rfe1 Rd8 24.b4 d5 25.e5 Nd7 26.Rad1 cxb4 27.cxb4 Rc7 28.Rc1 Nf8 29.Nd3 Qa7+
30.Qf2 Qxf2+ 31.Kxf2 Rc4 32.Nc5 Rxb4 33.Nxa6 Rxf4 34.Nc7 Ra4 35.Ra1 Rc8 36.Nxb5 Rc2+
37.Kg1 Raa2 38.Rab1 Rxa5  1/2-1/2

[Event "12th Aosta Open"]
[Site "St Vincent ITA"]
[Date "2004.02.12"]
[Round "6"]
[White "Cebalo,M"]
[Black "Isonzo,D"]
[Result "1/2-1/2"]
[WhiteElo "2475"]
[BlackElo "2336"]

1.d4 Nf6 2.Bg5 Ne4 3.Bf4 c5 4.f3 Qa5+ 5.c3 Nf6 6.Nd2 cxd4 7.Nb3 Qb6 8.Qxd4 Nc6
9.Qxb6 axb6 10.Nd4 e5 11.Nxc6 exf4 12.Nd4 d5 13.g3 Bd6 14.Nb5 Be5 15.gxf4 Bxf4
16.e3 Be5 17.f4 Bb8 18.Bh3 O-O 19.Bxc8 Rxc8 20.Nf3 Re8 21.Kd2 Ng4 22.Nbd4 Nxe3
23.f5 Bf4 24.Kd3 Nc4 25.Kc2 Ne5 26.h3 Nxf3 27.Nxf3 Re3  1/2-1/2

[Event "V Comunic Masters"]
[Site "Sao Paulo BRA"]
[Date "2004.02.13"]
[Round "3"]
[White "Vera,IJ"]
[Black "Benares,R"]
[Result "0-1"]
[WhiteElo "2338"]
[BlackElo "2298"]

1.d4 Nf6 2.Bg5 Ne4 3.Bf4 d5 4.Nf3 c5 5.c3 Nc6 6.e3 Qb6 7.Qb3 c4 8.Qxb6 axb6
9.Nbd2 Nxd2 10.Nxd2 b5 11.a3 Bf5 12.Rc1 f6 13.Be2 e5 14.Bg3 O-O-O 15.O-O Bd6
16.Bf3 Bc7 17.dxe5 Bxe5 18.Be2 Be4 19.Nf3 Bxg3 20.hxg3 Kc7 21.Rfd1 Kb6 22.Rd2 Rd6
23.Rcd1 Rhd8 24.Nd4 Ne5 25.Nc2 Kc5 26.f3 Bg6 27.Kf2 h6 28.f4 Nc6 29.Bf3 Na5
30.Nb4 Bf7 31.g4 Nb3 32.Re2 Kb6 33.e4 d4 34.e5 fxe5 35.fxe5 Rg6 36.cxd4 Rxd4
37.Rxd4 Nxd4 38.Rd2 Kc5 39.Ke3 Nc6 40.Nxc6 bxc6 41.Rd7 Bd5 42.Kf4 Kd4 43.Bxd5 cxd5
44.g3 Re6 45.Rb7 g5+ 46.Kf3 Kc5 47.Rc7+ Kb6 48.Rf7 Rxe5 49.Rf6+ Kc5 50.Rxh6 d4
51.Rf6 c3 52.bxc3 dxc3  0-1

[Event "FSGM February"]
[Site "Budapest HUN"]
[Date "2004.02.14"]
[Round "8"]
[White "Nguyen Ngoc Truongson"]
[Black "Belezky,S"]
[Result "0-1"]
[WhiteElo "2436"]
[BlackElo "2405"]

1.d4 Nf6 2.Bg5 Ne4 3.Bf4 c5 4.f3 Qa5+ 5.c3 Nf6 6.Nd2 cxd4 7.Nb3 Qd8 8.cxd4 d5
9.e3 e6 10.Bd3 Nc6 11.Ne2 Nh5 12.O-O Nxf4 13.Nxf4 Bd6 14.Qe1 O-O 15.Rd1 b6
16.Ne2 Nb4 17.Bb1 Ba6 18.f4 Rc8 19.Rf3 f5 20.Nc3 Nc6 21.Qf2 Na5 22.g4 Nxb3
23.axb3 fxg4 24.Rg3 Qh4 25.Qg2 h5 26.Nxd5 Rf7 27.Nc3 g5 28.Bg6 Rg7 29.Qe4 gxf4
30.Qxe6+ Kh8 31.exf4 Bxf4 32.Rg2 Re7 33.Qf5 Re1+  0-1

[Event "TCh-FIN 2003-4"]
[Site "Finland FIN"]
[Date "2004.02.14"]
[Round "7"]
[White "Kekki,P"]
[Black "Jouhki,Y"]
[Result "1-0"]
[WhiteElo "2323"]
[BlackElo "2302"]

1.d4 Nf6 2.Bg5 Ne4 3.Bf4 d5 4.Nd2 Nxd2 5.Qxd2 e6 6.e3 c5 7.Nf3 Qb6 8.c3 Bd7
9.Be2 Bb5 10.O-O Bxe2 11.Qxe2 Nd7 12.e4 dxe4 13.Qxe4 cxd4 14.cxd4 Nf6 15.Qc2 Nd5
16.Qa4+ Qc6 17.Qxc6+ bxc6 18.Be5 f6 19.Bg3 Kd7 20.Rac1 Be7 21.Nd2 g5 22.Nc4 h5
23.h3 Rhg8 24.Na5 Rac8 25.Nb3 Nf4 26.Bxf4 gxf4 27.Rc3 Rg5 28.f3 Rd5 29.Rfc1 Rc7
30.Kf1 Rb5 31.R1c2 Rd5 32.Rc4 Bd6 33.Nd2 Ra5 34.b3 Rd5 35.Ne4 Be7 36.Ra4 Rb5
37.Ke2 Rd5 38.Rac4 Rb5 39.Nc3 Rg5 40.Kd3 Ra5 41.Ke4 Bd6 42.Na4 f5+ 43.Kd3 Rb5
44.Kc3 Be7 45.Re2 Rd5 46.b4 Rb7 47.a3 Rb8 48.Kb3 Rdb5 49.Nc5+ Bxc5 50.dxc5 a5
51.Kc3 axb4+ 52.axb4 Ke7 53.Rxf4 Kf6 54.Rd4 R5b7 55.f4 h4 56.Rb2 Rg8 57.Rd6 Rc7
58.Kc4 Kf7 59.Re2 Re8 60.b5 cxb5+ 61.Kxb5 Rb8+ 62.Rb6 Rbc8 63.c6 Kf6 64.Rc2 Ke7
65.Rd2 Kf6 66.Rd3 Rg7  1-0

[Event "Bundesliga 2003-4"]
[Site "St Ingbert GER"]
[Date "2004.02.14"]
[Round "8"]
[White "Haubt,G"]
[Black "Scholz,C"]
[Result "1/2-1/2"]
[WhiteElo "2270"]
[BlackElo "2392"]

1.d4 Nf6 2.Bg5 Ne4 3.Bf4 c5 4.dxc5 Qa5+ 5.Nd2 e5 6.Be3 Nxc5 7.c3 Ne6 8.Nc4 Qc7
9.Qd5 Nc6 10.Nf3 f6 11.g3 b6 12.Bh3 Rb8 13.Rd1 Na5 14.Nxa5 bxa5 15.Qd2 Be7
16.O-O O-O 17.Nh4 Rd8 18.Nf5 d5 19.Nxe7+ Qxe7 20.b3 a4 21.b4 d4 22.Bxe6+ Bxe6
23.cxd4 Rxb4 24.Rb1 a5 25.a3 Rb3 26.Qxa5 exd4 27.Rxb3 axb3 28.Rd1 Rd5 29.Qa8+ Qf8
30.Qc6 Qc8 31.Qxc8+ Bxc8 32.Bc1 Rc5 33.Bb2 Bf5 34.Rc1 Rd5 35.Rd1 Rc5 36.Rc1 Rd5
37.Rd1 d3 38.exd3 Bxd3 39.f4 Kf7 40.Kf2 Rh5 41.h4 Bc2 42.Rd7+ Kg6 43.Ke3 Ra5
44.g4 h5 45.g5 Ra6 46.Kd4 Ra4+ 47.Ke3 Re4+ 48.Kf3 Re1 49.gxf6 gxf6 50.Rd6 Bd1+
51.Kf2 Re2+ 52.Kg3 Re3+ 53.Kf2 Re2+ 54.Kg3 Rxb2 55.Rxd1 Kf5 56.Kf3 Ke6 57.Rd8 Rb1
58.Rb8 b2 59.Kg2 Kd5 60.Rb4 Kc5 61.Kh2 Kd5 62.Kg2 Ke6 63.Rb5 Kf7 64.a4 Ra1  1/2-1/2

[Event "ch-CZE"]
[Site "Karlovy Vary CZE"]
[Date "2004.02.17"]
[Round "1"]
[White "Voloshin,L"]
[Black "Stocek,J"]
[Result "1/2-1/2"]
[WhiteElo "2522"]
[BlackElo "2552"]

1.d4 Nf6 2.Bg5 Ne4 3.Bf4 c5 4.f3 Nf6 5.d5 e6 6.Nc3 exd5 7.Nxd5 d6 8.Bg5 Be7
9.Bxf6 Bxf6 10.c3 O-O 11.e4 Nc6 12.Bc4 Ne5 13.Bb3 Be6 14.f4 Nd7 15.Nf3  1/2-1/2

[Event "V Comunic Masters"]
[Site "Sao Paulo BRA"]
[Date "2004.02.18"]
[Round "9"]
[White "Vera,IJ"]
[Black "Tsuboi,E"]
[Result "1-0"]
[WhiteElo "2338"]
[BlackElo "2344"]

1.d4 Nf6 2.Bg5 Ne4 3.Bf4 d5 4.Nf3 c5 5.c3 Nc6 6.e3 Qb6 7.Qb3 c4 8.Qxb6 axb6
9.Nbd2 Bf5 10.a3 e6 11.Nxe4 Bxe4 12.Nd2 Bg6 13.Be2 Be7 14.e4 b5 15.exd5 exd5
16.O-O O-O 17.Bf3 Rfd8 18.Rfe1 Kf8 19.Nf1 Bd6 20.Bxd6+ Rxd6 21.Ne3 Rad8 22.h4 Bd3
23.g3 g6 24.Ng2 Na5 25.Re3 h5 26.Nf4 Bf5 27.Re5 Nb3 28.Rae1 Nd2 29.Bxd5 f6
30.Rxf5 gxf5 31.Bxb7 Re8 32.Rd1 Nb3 33.Bf3 Kg7 34.Bxh5 Re4 35.Bf3 Rxf4 36.gxf4 Kh6
37.Kf1 Re6 38.d5 Rd6 39.Ke2 Nc5 40.Ke3 Na4 41.Kd4 Nxb2 42.Rb1 Nd3 43.Rxb5 Nxf4
44.Kxc4 Ng6 45.Kc5 Rd8 46.d6 Rc8+ 47.Bc6 Ne5 48.Rb6  1-0

[Event "Makita-Lakoni GM"]
[Site "Jakarta IND"]
[Date "2004.02.19"]
[Round "4"]
[White "Stefanova,A"]
[Black "Juswanto,D"]
[Result "1-0"]
[WhiteElo "2478"]
[BlackElo "2505"]

1.d4 Nf6 2.Bg5 Ne4 3.Bf4 d5 4.e3 c5 5.Bd3 Nd6 6.dxc5 Qa5+ 7.Nc3 Nc4 8.Ne2 Nc6
9.Bxc4 dxc4 10.Nd4 Bd7 11.Qh5 g6 12.Qd5 Bg7 13.O-O-O Rd8 14.Qxc4 Nxd4 15.exd4 O-O
16.Rhe1 b5 17.cxb6 axb6 18.Rxe7 Qf5 19.g3 b5 20.Qb4 Rc8 21.Re2 Qh5 22.Red2 Rfe8
23.h4 Bf8 24.Qb3 Rc4 25.a3 Qf3 26.Kb1 Qb7 27.d5 Rec8 28.Be3 Bg7 29.Bd4 Bxd4
30.Rxd4 Qb6 31.Rxc4 Rxc4 32.Rd2 Qc5 33.Nd1 b4 34.Ne3 Re4 35.Qd3 Bf5 36.axb4 Qxb4
37.Nxf5 Re1+ 38.Rd1 gxf5 39.d6 Qe4 40.Qd2 Re2 41.Qc3 Qe8 42.d7 Qd8 43.Qc8  1-0

[Event "2nd Breizh Masters"]
[Site "Guingamp FRA"]
[Date "2004.02.20"]
[Round "9"]
[White "Le Roux,JP"]
[Black "Istratescu,A"]
[Result "1/2-1/2"]
[WhiteElo "2480"]
[BlackElo "2590"]

1.d4 Nf6 2.Bg5 Ne4 3.Bf4 d5 4.e3 c6 5.Bd3 Nd6 6.Nf3 Bg4 7.Nbd2 e6 8.c3 Nd7
9.Qc2 Bh5 10.O-O Bg6 11.Rae1 Be7 12.Bxg6 hxg6 13.c4 Nxc4 14.Nxc4 dxc4 15.Qxc4 Nb6
16.Qc2 Bd6 17.Ne5 Qc7 18.Rc1 Nd7 19.Qe4 f5 20.Qc2 Nxe5 21.dxe5 Be7 22.Rfd1 Kf7
23.e4 Rad8 24.exf5 gxf5 25.Qxf5+ exf5 26.e6+ Kxe6 27.Bxc7 Rxd1+ 28.Rxd1 Bf6
29.b3 Rc8 30.Bf4 c5 31.Kf1 c4 32.Ke2 g5 33.Be3 b5 34.bxc4 Rxc4 35.Bxa7 Ra4
36.Bc5 Rxa2+ 37.Kd3 Kd5 38.Bf8 f4 39.Rb1 Rxf2 40.Rxb5+ Ke6 41.Ke4 Rxg2 42.Rb6+ Kf7
43.Bd6 Rxh2 44.Kf5 Bd8 45.Rb7+ Ke8 46.Rb4 Rd2 47.Bxf4 gxf4 48.Rxf4 Kf7 49.Ke5+ Ke7
50.Rc4 Rh2 51.Rc6 Rh5+ 52.Ke4 Kd7 53.Rg6 Be7 54.Kd4 Bd6 55.Rg7+ Kc6 56.Ke4 Rh4+
57.Kf5 Kd5 58.Rg2 Rf4+ 59.Kg5 Rf8 60.Kg4 Be5 61.Ra2 Rf4+ 62.Kg5 Rf1 63.Kg4 Ke4
64.Re2+ Kd4 65.Kg5 Bf4+ 66.Kg6 Be3 67.Ra2 Ke4 68.Re2 Rf3 69.Ra2 Rg3+ 70.Kf7 Bd4
71.Rh2 Rg7+ 72.Ke6 Rg6+ 73.Ke7 Kd5 74.Rd2 Rg7+ 75.Kd8 Rh7 76.Rd1 Ke5 77.Kc8 Bc5
78.Rd7 Rh1 79.Kc7 Rc1 80.Rd3 Bd4+ 81.Kd7 Bb6 82.Rd2 Rc7+ 83.Ke8 Rh7 84.Re2+ Kf6
85.Re1 Bc7 86.Rf1+ Ke6 87.Rf7 Rh8+ 88.Rf8 Rh1 89.Rf7 Bd6 90.Re7+ Bxe7  1/2-1/2

[Event "5th Montenegro Open"]
[Site "Sozina SCG"]
[Date "2004.02.20"]
[Round "3"]
[White "Ivanisevic,I"]
[Black "Djukic,Ni"]
[Result "1-0"]
[WhiteElo "2542"]
[BlackElo "2448"]

1.d4 Nf6 2.Bg5 Ne4 3.Bf4 c5 4.f3 Qa5+ 5.c3 Nf6 6.d5 g6 7.e4 Bg7 8.Nd2 d6
9.Nc4 Qd8 10.a4 O-O 11.Qd2 b6 12.Ne2 Ba6 13.Ng3 Bxc4 14.Bxc4 Nbd7 15.O-O Ne8
16.Kh1 Nc7 17.Bg5 a6 18.Be2 Bf6 19.Bh6 Bg7 20.Bxg7 Kxg7 21.f4 b5 22.b3 Rb8
23.a5 Ne8 24.c4 b4 25.Bg4 Nef6 26.Qb2 Kg8 27.Bh3 Qc7 28.Rae1 Ne8 29.e5 Ng7
30.Bxd7 Qxd7 31.Ne4 dxe5 32.fxe5 Rbc8 33.Qf2 Qf5 34.Qh4 Qd7 35.d6  1-0

[Event "Premier"]
[Site "Portsmouth ENG"]
[Date "2004.02.22"]
[Round "5"]
[White "Wells,P"]
[Black "Hebden,M"]
[Result "1/2-1/2"]
[WhiteElo "2493"]
[BlackElo "2549"]

1.d4 Nf6 2.Bg5 Ne4 3.Bf4 c5 4.f3 Qa5+ 5.c3 Nf6 6.Nd2 cxd4 7.Nb3 Qd8 8.cxd4 d5
9.e3 Nc6 10.Bb5 Qb6 11.Bxc6+ bxc6 12.Qc2 a5 13.Ne2 Nd7 14.Rc1 a4 15.Nd2 Bb7
16.b4 axb3 17.Nxb3 e6 18.O-O Ba6 19.Rb1 Bxe2 20.Qxe2 Qa6 21.Qe1 Be7 22.Rf2 O-O
23.Rc2 Rfc8 24.Qf1  1/2-1/2